[Event "SN-2012-0-00468"]
[Site "LSS email"]
[Date "2012.11.06"]
[Round "?"]
[White "Sondermann, Roberto"]
[Black "Bearce, Harold L"]
[Result "0-1"]
[WhiteElo "781"]
[BlackElo "643"]
[PlyCount "60"]
[EventDate "2012.10.07"]
[EventType "tourn (corr)"]
[EventRounds "6"]
[EventCountry "GER"]
[SourceTitle "Telechess CBM 159"]
[Source "ChessBase"]
[SourceDate "2014.03.17"]
[SourceVersion "1"]
[SourceVersionDate "2014.03.17"]
[SourceQuality "1"]

1. d4 d5 2. Nc3 c6 3. Nf3 Bg4 4. e3 e6 5. Be2 Bxf3 6. Bxf3 Nf6 7. 0-0 Be7 8. Re1 0-0 9. Qd3 Nbd7 10. Bd2 Qc7 11. e4 dxe4 12. Nxe4 Nxe4 13. Bxe4 g6 14. Re3 Bg5 15. Rh3 Bxd2 16. Qxd2 f5 17. Qh6 Nf6 18. Rg3 Nxe4 19. Rg5 Nxg5 20. Qxg5 Rad8 21. Rd1 c5 22. c3 cxd4 23. g3 dxc3 24. bxc3 Rxd1+ 25. Kg2 Qc6+ 26. Kh3 Qh1 27. g4 Rd3+ 28. Qe3 Rxe3+ 29. fxe3 Rd8 30. gxf5 exf5 0-1

[Event "OP-2010-0-01306"]
[Site "LSS email"]
[Date "2010.11.05"]
[Round "?"]
[White "Cardoso Garcia, Sergio"]
[Black "Sondermann, Roberto"]
[Result "1-0"]
[WhiteElo "1936"]
[BlackElo "856"]
[PlyCount "67"]
[EventDate "2010.11.01"]
[EventType "tourn (corr)"]
[EventRounds "4"]
[EventCountry "GER"]
[SourceTitle "Telechess CBM 151"]
[Source "ChessBase"]
[SourceDate "2012.11.13"]
[SourceVersion "1"]
[SourceVersionDate "2012.11.13"]
[SourceQuality "1"]

1. e4 c5 2. b4 cxb4 3. a3 d5 4. exd5 Qxd5 5. Nf3 Qa5 6. Bd3 Nc6 7. Bb2 Bg4 8. 0-0 e6 9. h3 Bh5 10. Re1 0-0-0 11. Be4 Nge7 12. axb4 Qxb4 13. Qc1 h6 14. Ba3 Qb6 15. Nc3 Bxf3 16. Rb1 Qa6 17. Bxf3 Ng6 18. Bxf8 Rhxf8 19. Nb5 Nge5 20. Re3 Nxf3+ 21. Rxf3 Nd4 22. Nxd4 Rxd4 23. Qb2 Rfd8 24. Ra3 Qb6 25. Rb3 Qc7 26. Rxb7 Rc4 27. Rxc7+ Rxc7 28. c4 g6 29. c5 Kd7 30. Qf6 Ke8 31. c6 Rdc8 32. Rb7 Rxb7 33. cxb7 Rc1+ 34. Kh2 1-0

[Event "LSS SN-2010-0-00248"]
[Site "LSS email"]
[Date "2010.05.11"]
[Round "?"]
[White "Sondermann, Roberto"]
[Black "Venturas, Bob"]
[Result "1-0"]
[WhiteElo "800"]
[BlackElo "681"]
[PlyCount "35"]
[EventDate "2010.04.28"]
[EventType "tourn (corr)"]
[EventRounds "6"]
[EventCountry "GER"]
[SourceTitle "Telechess CBM 141"]
[Source "ChessBase"]
[SourceDate "2011.03.17"]
[SourceVersion "1"]
[SourceVersionDate "2011.03.17"]
[SourceQuality "1"]

1. d4 d5 2. Nf3 Nc6 3. c3 h6 4. e3 a6 5. Bd3 Nf6 6. Nbd2 e6 7. 0-0 Bd6 8. Qe2 0-0 9. e4 Be7 10. e5 Nh7 11. Nb3 f6 12. exf6 Nxf6 13. Re1 Kh8 14. Ne5 Nxe5 15. dxe5 Nd7 16. Nd4 Bh4 17. g3 c5 18. Nxe6 1-0